书目信息 |
| 题名: |
青年地图册
|
|
| 作者: | ;地图出版社 编制 | |
| 分册: | ||
| 出版信息: | 北京 编者 1978 |
|
| 页数: | 197页 | |
| 开本: | 18cm | |
| 丛书名: | ||
| 单 册: | ||
| 中图分类: | P981 , K992 | |
| 科图分类: | ||
| 主题词: | 地图--世界 | |
| 电子资源: | ||
| ISBN: | ||
| 000 | 00577nam0 2200229 450 | |
| 001 | 1558167043 | |
| 005 | 20150118160950.71 | |
| 010 | @dCNY1.30 | |
| 091 | @a12014.900 | |
| 100 | @a19950726d1978 em y0chiy0110 ea | |
| 101 | 0 | @achi |
| 102 | @aCN@b110000 | |
| 105 | @ab z 000yy | |
| 200 | 1 | @a青年地图册@9qing nian di tu ce@f地图出版社编制 |
| 210 | @a北京@c编者@d1978 | |
| 215 | @a197页@d18cm | |
| 606 | 0 | @a地图@y世界 |
| 690 | @aP981@v5 | |
| 690 | @aK992@v4 | |
| 711 | 02 | @a地图出版社@9di tu chu ban she@4编制 |
| 801 | 0 | @aCN@bTSSF@c20150115 |
| 905 | @aZUCC@dK992@eJY9 | |
| 青年地图册/地图出版社编制.-北京:编者,1978 |
| 197页;18cm |
| ISBN :CNY1.30 |
| ● |
| 相关链接 |
|
|
|
|
正题名:青年地图册
索取号:K992/JY9
 
预约/预借
| 序号 | 登录号 | 条形码 | 馆藏地/架位号 | 状态 | 备注 |
| 1 | 7835581 | 278355815 | 学院路分馆/ [索取号:K992/JY9] | 在馆 |